| 000 | 01011nam a2200265Ia 4500 | ||
|---|---|---|---|
| 003 | OSt | ||
| 005 | 20220923224535.0 | ||
| 006 | a|||||r|||| 00| 0 | ||
| 007 | ta | ||
| 008 | 220922b |||||||| |||| 00| 0 hin d | ||
| 020 | _c150 | ||
| 024 | _a240,903 | ||
| 037 |
_b480, 26/02/2010, Vani Prakashan _cTextual |
||
| 040 |
_aARTS _cARTS _bhin |
||
| 041 |
_2hin _ahin |
||
| 082 | _aO41,3M81:g, 152N4 | ||
| 100 |
_aलू शुन; चौहान, कर्णसिंह, संपा. _9168086 |
||
| 245 | 0 | _aकला, साहित्य और संस्कृति | |
| 246 | _aKalā, sāhitya aur sanskṛuti | ||
| 260 |
_aनयी दिल्ली _b वाणी प्रकाशन _c1994 |
||
| 300 |
_a136पृ. _ccm. |
||
| 650 |
_aहिन्दी साहित्य _9156264 |
||
| 942 |
_hO41,3M81:g, 152N4 _cTEXL _2CC |
||
| 999 |
_c372068 _d372068 |
||